000 00543nam a2200145Ia 4500
008 100204s9999 xx 000 0 und d
082 _b3936
100 _aपटवर्धन अरविंद
245 _aमी मुंबईचा इन्सपेक्टर
260 _b"दिलिप प्रकाशन , मुंबई"
_c1981
300 _a317
630 _aमी मुंबईचा इन्सपेक्टर
730 _aमी मुंबईचा इन्सपेक्टर
942 _cBOOK
999 _c448799
_d448796